00429 a2200133 450000500170000000800410001702000150005804000540007304100080012710000280013524500710016326000370023465000240027120190806102632.0190528b1977 fr ||||| |||| 00| 0 fre d a2213004080 aCO-BoUCMbspacJuan Jose MateusdJuan Jose Mateus0 afre aMendès France, Pierre10aLiberté, liberté chérieb(1940-1942)cPierre Mendès France blibrairie Aethème Fayardc1977 7aCiencia política